| 000 | 00788nam a2200205 i 4500 | ||
|---|---|---|---|
| 001 | 173067 | ||
| 003 | ES-MaACL | ||
| 005 | 20250905160924.0 | ||
| 008 | 091023s1951 fr |||| | fre d | ||
| 080 | _a782.6 | ||
| 100 | 1 |
_aMouëzy-Éon, André. _9139931 |
|
| 245 | 1 | 0 |
_aPour don Carlos _b: opérette à grand spectacle en 2 actes et 16 tableaux, inspirée du roman de Pierre Benoit / _c[livret] d'André Mouëzy-Eon et Raymond Vincy ; musique de Francis Lopez. |
| 260 |
_aParis : _bRoyalty, _c1951. |
||
| 300 |
_a179 p. ; _c16 cm. |
||
| 650 | 0 | 4 |
_aOperetas- _vLibretos. _9139352 |
| 700 | 1 |
_aVincy, Raymond. _9115320 |
|
| 700 | 1 |
_aLópez, Francis, _d1916-1995 _9141010 |
|
| 852 | 4 |
_aES-MaACL _jE-13045 _9R.190356 . - _zBiblioteca Jacinto Martínez Lacalle |
|
| 999 |
_c173067 _d173067 |
||